| 000 | nam a22 7a 4500 | ||
|---|---|---|---|
| 999 |
_c129312 _d129312 |
||
| 008 | 190329b xxu||||| |||| 00| 0 eng d | ||
| 020 | _a9780226789699 | ||
| 050 | _aPR428.C48 T37 2001 | ||
| 100 |
_aTargoff, Ramie _945558 |
||
| 245 |
_aCommon prayer: _bthe language of public devotion in early morden England _c/ by Ramie Targoff |
||
| 260 |
_aChicago: _bUniversity of Chicago Press, _c2001 |
||
| 300 |
_axiii, 162p. ; _c23cm. |
||
| 650 |
_aEnglish literature _xearly morden, 1500-1700 _xhistory and criticism _945559 |
||
| 650 |
_aChristianity and literature _xhistory _y16th century _zEngland _945560 |
||
| 650 |
_aChristianity and literature _xhistory _y17th century _zEngland _945561 |
||
| 650 |
_aPublic worship _xhistory _y16th century _zEngland _945562 |
||
| 650 |
_aPublic worship _xhistory _y17th century _zEngland _945563 |
||
| 650 |
_aPrayer _xhistory _y16th century _zEngland _945564 |
||
| 650 |
_aPrayer _xhistory _y17th century _zEngland _945565 |
||
| 650 |
_aReformation _zEngland _927844 |
||
| 650 |
_aPrayer in literature _945567 |
||
| 942 |
_2lcc _cMONOGRAPH |
||